| 000 | 00552nam a2200181 4500 | ||
|---|---|---|---|
| 999 |
_c514 _d514 |
||
| 001 | 707 | ||
| 005 | 20190920120422.0 | ||
| 008 | 190920b ||||| |||| 00| 0 eng d | ||
| 020 | 0 | 0 | _a9789993677109 |
| 090 | 0 | 0 | _a793.3195498 N5762d 2009. |
| 100 | 0 | 0 | _aNgawang. |
| 245 | 0 | 0 |
_aདགྲ་མེད་རྩེ་རྔ་འཆམ། _cNgawang. |
| 260 | 0 | 0 |
_aSemtokha : _bInstitute of Language and Culture Studies, _c2009. |
| 300 | 0 | 0 | _a129 p. |
| 500 | 0 | 0 | _aIn Dzongkha and English. |
| 650 | 0 | 0 | _aFolk dancing --Bhutan --History. |
| 942 |
_2ddc _cDZONGKHA |
||